Obavy zo spomaľovania rozšírenia EÚ

Bibliographic Details
Main Author: Zsilleová, Miriam (Author)
Format: Article
Language:Slovak
Subjects:

MARC

LEADER 00000nab a2200000 a 4500
001 vtls000741268
003 SK-MaSNL
005 20260304115659.0
008 180205c2000 xo 0 slo
015 |a SNBRB2000/12-30143 
035 |a CLN000093110 
040 |a SNKBUCL  |b slo  |c SNKBUCL  |e AACR2 
041 0 |a slo 
044 |a xo  |c SK 
080 |a 327.39(4)  |2 UDC-MRF-SK2 
100 1 |a Zsilleová, Miriam  |4 aut  |9 839648 
245 1 0 |a Obavy zo spomaľovania rozšírenia EÚ  |c Miriam Zsilleová 
650 0 7 |a rozširovanie Európskej únie  |2 snkbucl  |9 3624 
655 7 |a články z novín a časopisov  |2 snkbucl  |9 267496 
773 0 |t Sme  |g Roč. 8, č. 82 (7.4.2000), s. 1 
850 |a Slovenská národná knižnica v Martine 
852 |a SNK  |b KIS3GCP 
958 |a RBX 
999 |c 2876821  |d 2878751